Sportifs français par image : A - Statistiques

Statistiques générales
  • Ce quiz a été pris 312 fois
  • Le résultat moyen est 7 sur 16
Statistiques - réponses
Par images Réponse % Correct
Alphonse Areola
90%
Julian Alaphilippe
80%
Nicolas Anelka
74%
Clarisse Agbegnenou
71%
Éric Abidal
70%
Yannick Agnel
55%
Brahim Asloum
48%
Luc Abalo
46%
Grégory Alldritt
43%
Manon Apithy-Brunet
40%
Jacques Anquetil
32%
Luc Alphand
27%
Émilie Andéol
24%
Christine Arron
20%
Valériane Ayayi
15%
Viviane Asseyi
7%
Aucun quiz correspondant
Distribution des résultats
% des personnes avec chaque résultat
Percentile par nombre de réponses
Votre historique - résultats
Vous n’avez pas pris ce quiz